000 01901cad a22002775a 4500
001 L158846
008 110329s2014 xxk 000 0 eng u
020 _a9781783210749
035 _a(Sirsi) u158846
041 0 _arus
110 2 _aRoyal Institution of Chartered Surveyors
_94900
245 0 5 _aRICS real estate agency and brokerage standards
_bRICS practice statement and guidance note
_bRussian translation
_h[electronic resource]
250 _a2nd ed.
260 _aLondon
_bRICS
_c2014
300 _a28p.
490 0 _aRICS Guidance Note
490 0 _aRICS Practice Statement
505 2 _aRICS professional guidance -- Glossary of terms -- Part 1: Real estate agency and brokerage and real estate management: RICS practice statement -- The practice statement -- Links to RICS ethical standards -- Part 2: Real estate agency and brokerage and guidance: RICS guidance note -- Introduction -- GN 1 Ethics -- GN 2 Securing instructions -- GN 3 Acting for the seller: marketing the property -- GN 4 Acting for the seller: agreeing the sale or lease -- GN 5 Acting for the buyer -- GN 6 Ending the instruction -- GN 7 Safety and security -- GN 8 Agency management.
520 _aPart 1 of this document is a mandatory practice statement. Part 2 is a guidance note. The practice statement and guidance note apply to the selling, buying, letting, renting and management of commercial, residential and rural real estate. A number of the principles apply to agent's conduct towards the public. Effective from 1 February 2015. Supersedes 1st ed.
590 _aKA
651 4 _aInternational
690 _aCommercial property
_96227
690 _aResidential property
_96266
856 4 1 _uhttps://www.rics.org/Global/Real_Estate_Agency_and_Brokerage_Guidance_RUSSIAN_2nd_edition_PGguidance_2015.pdf
_zView the guidance note free of charge (member-only content) at www.rics.org
942 _n0
999 _c115540
_d115540